|
|
|
|
| LEADER |
00000cam a2200000 7i4500 |
| 001 |
0000012803 |
| 005 |
20090216.0 |
| 008 |
080104 |
| 020 |
|
|
|a 9676118311
|
| 090 |
0 |
0 |
|a 371.5
|b MOH
|
| 100 |
0 |
|
|a Mohd. Ismail Othman
|
| 245 |
1 |
0 |
|a Menangani disiplin di sekolah
|c Mohd. Ismail Othman
|
| 260 |
|
|
|a Kuala Lumpur :
|b Utusan Publications & Distributions ,
|c 2006
|
| 440 |
|
|
|a Siri pengajian dan pendidikan Utusan
|
| 650 |
|
0 |
|a School discipline
|
| 650 |
|
0 |
|a School management and organization
|
| 999 |
|
|
|a 0000936486
|b Book
|c Adult Collection
|e Cawangan Bandar Tenggara
|
| 999 |
|
|
|a 0000940720
|b Book
|c Adult Collection
|e Cawangan Taman Sri Lambak
|
| 999 |
|
|
|a 0001010549
|b Book
|c Adult Collection
|e Perbadanan Perpustakaan Awam Johor
|
| 999 |
|
|
|a 0001010550
|b Book
|c Adult Collection
|e Cawangan Bandar Tenggara
|
| 999 |
|
|
|a 0001010551
|b Book
|c Adult Collection
|e Cawangan Mersing
|
| 999 |
|
|
|a 0001010777
|b Book
|c Adult Collection
|e Perbadanan Perpustakaan Awam Johor
|
| 999 |
|
|
|a 0001010779
|b Book
|c Adult Collection
|e Perbadanan Perpustakaan Awam Johor
|
| 999 |
|
|
|a 0001021502
|b Book
|c Adult Collection
|e Cawangan Mersing
|
| 999 |
|
|
|a 0001021503
|b Book
|c Adult Collection
|e Cawangan Bandar Penawar
|
| 999 |
|
|
|a 0001021504
|b Book
|c Adult Collection
|e Cawangan Taman Universiti
|
| 999 |
|
|
|a 0001021505
|b Book
|c Adult Collection
|e Cawangan Bukit Gambir
|
| 999 |
|
|
|a 0001021506
|b Book
|c Adult Collection
|e Cawangan Kota Tinggi
|